000 00954nam2a22002411 4500
001 RU\NLR\Per\958588
005 20250617202339.0
035 _a(NLR Aleph) 003196549
090 _a3411347
_c3411347
100 _a20130712d2013 |||y0rusy50 ca
101 0 _arus
102 _aRU
105 _ay ||||000|y
200 0 _aТ. 18, № 5
210 _d2013
_aБ. м.
461 0 _1001RU\NLR\INFOCOMM29\5000102448
_12001#$aЭлектромагнитные волны и электронные системы$eЭВ and ЭС$eМеждунар. науч.-теорет. журн.$vТ. 18, № 5
_93070600
_cМ.
_d1996-
_oЭВ and ЭС : Междунар. науч.-теорет. журн.
_tЭлектромагнитные волны и электронные системы
_x1560-4128
_vТ. 18, № 5
801 1 _aRU
_bInfoComm
_c20050201
801 0 _aRU
_bNLR
_gPSBO
852 _aNLR
_jП11/3893
942 _cISSUE
980 _aNB
980 _aRUSPER